[Event "Hamburg-chT Landesliga 1718"]
[Site "Hamburg"]
[Date "2018.04.22"]
[Round "9.1"]
[White "Kull, Florian"]
[Black "Stelting, Thorsten"]
[Result "1-0"]
[WhiteElo "2154"]
[BlackElo "2181"]
[PlyCount "66"]
[EventDate "2017.10.08"]
[EventType "team-tourn"]
[EventRounds "9"]
[EventCountry "GER"]
[SourceTitle "EXT 2021"]
[Source "ChessBase"]
[SourceDate "2020.10.23"]
[SourceVersion "1"]
[SourceVersionDate "2020.10.23"]
[SourceQuality "1"]
[WhiteTeam "Hamburg Schachfreunde II"]
[BlackTeam "Eimsbuettel Union"]
[WhiteTeamCountry "GER"]
[BlackTeamCountry "GER"]

1. c4 e5 2. Nc3 Nf6 3. Nf3 Nc6 4. e3 Bb4 5. Qc2 0-0 6. Nd5 Re8 7. Qf5 Be7 8. Nxe5 d6 9. Nxc6 bxc6 10. Nxe7+ Qxe7 11. Qc2 Qe5 12. Be2 c5 13. Bf3 Rb8 14. d3 h5 15. Rb1 Bg4 16. Bxg4 hxg4 17. b3 d5 18. cxd5 Qxd5 19. 0-0 Rb6 20. e4 Qh5 21. Bf4 Nd7 22. f3 Rg6 23. Qf2 Nf8 24. fxg4 Rxg4 25. Bxc7 Ne6 26. Bg3 Nd4 27. Rb2 f5 28. exf5 Re2 29. Rxe2 Rxg3 30. Re3 Rg5 31. f6 Rf5 32. Qe1 Rxf1+ 33. Qxf1 g5 1-0

[Event "Hamburg-chT Landesliga 1415"]
[Site "Hamburg"]
[Date "2015.04.18"]
[Round "8.2"]
[White "Stelting, Thorsten"]
[Black "Kuberczyk, Christoph"]
[Result "1-0"]
[WhiteElo "2145"]
[BlackElo "2148"]
[PlyCount "35"]
[EventDate "2014.09.21"]
[EventType "team-tourn"]
[EventRounds "9"]
[EventCountry "GER"]
[SourceTitle "EXT 2022"]
[Source "ChessBase"]
[SourceDate "2021.10.06"]
[SourceVersion "1"]
[SourceVersionDate "2021.10.06"]
[SourceQuality "1"]
[WhiteTeam "Eimsbuettel Union"]
[BlackTeam "Harburg Diagonale"]
[WhiteTeamCountry "GER"]
[BlackTeamCountry "GER"]

1. e4 c5 2. g3 Nc6 3. Bg2 g6 4. Ne2 Bg7 5. c3 e6 6. d4 cxd4 7. cxd4 d6 8. Nbc3 Nge7 9. Bg5 0-0 10. Qd2 e5 11. Be3 Qa5 12. 0-0 b5 13. Rfd1 b4 14. Nd5 Ba6 15. dxe5 dxe5 16. Nc1 Rac8 17. Nb3 Qb5 18. Bf1 1-0

[Event "Hamburg St Pauli op-A"]
[Site "Hamburg"]
[Date "2011.07.11"]
[Round "4"]
[White "Bildat, Juergen"]
[Black "Stelting, Thorsten"]
[Result "0-1"]
[WhiteElo "2106"]
[BlackElo "2252"]
[PlyCount "98"]
[EventDate "2011.07.09"]
[EventType "swiss"]
[EventRounds "9"]
[EventCountry "GER"]
[SourceTitle "CBM 143 Extra"]
[Source "ChessBase"]
[SourceDate "2011.08.29"]
[SourceVersion "1"]
[SourceVersionDate "2011.08.29"]
[SourceQuality "1"]

1. e4 c5 2. Nf3 e6 3. d4 cxd4 4. Nxd4 a6 5. Nc3 Ne7 6. Be3 Nbc6 7. Qd2 Nxd4 8. Bxd4 Nc6 9. Be3 b5 10. 0-0-0 Bb7 11. f3 Be7 12. Kb1 d6 13. Bf4 Ne5 14. Bxe5 dxe5 15. Qxd8+ Rxd8 16. Rxd8+ Kxd8 17. Bd3 Kc7 18. Rd1 Bc6 19. Ne2 Rd8 20. Nc1 g6 21. c3 f5 22. Kc2 a5 23. Nb3 Kb6 24. Nd2 Bg5 25. Nf1 h5 26. Re1 Bf6 27. Nd2 f4 28. c4 b4 29. Ra1 Be7 30. c5+ Bxc5 31. Nc4+ Kc7 32. Nxa5 Ba4+ 33. b3 Bd4 34. Rd1 Be8 35. Nc4 g5 36. Nb2 g4 37. Bc4 h4 38. fxg4 Bg6 39. Bd3 h3 40. gxh3 Rh8 41. Rd2 Rxh3 42. Nd1 Rh4 43. Nf2 Rxh2 44. Nd1 Rh1 45. a3 bxa3 46. b4 a2 47. Bc4 a1Q 48. Bd3 Rxd1 49. Rxd1 Qb2# 0-1

[Event "Hamburg St Pauli op-A"]
[Site "Hamburg"]
[Date "2011.07.09"]
[Round "1"]
[White "Stelting, Thorsten"]
[Black "Schoengart, Ralf"]
[Result "1-0"]
[WhiteElo "2252"]
[BlackElo "2035"]
[PlyCount "79"]
[EventDate "2011.07.09"]
[EventType "swiss"]
[EventRounds "9"]
[EventCountry "GER"]
[SourceTitle "CBM 143 Extra"]
[Source "ChessBase"]
[SourceDate "2011.08.29"]
[SourceVersion "1"]
[SourceVersionDate "2011.08.29"]
[SourceQuality "1"]

1. e4 c6 2. d4 d5 3. exd5 cxd5 4. c4 Nf6 5. Nc3 e6 6. Bg5 Be7 7. Nf3 Nc6 8. Bd3 h6 9. Bf4 0-0 10. 0-0 a6 11. a3 dxc4 12. Bxc4 b5 13. Bb3 Bb7 14. Bc2 b4 15. Na4 Rc8 16. Nc5 Bxc5 17. dxc5 Qxd1 18. Rfxd1 bxa3 19. bxa3 Rfd8 20. Rab1 Rxd1+ 21. Bxd1 Nd8 22. Rc1 Bd5 23. Be2 Ne4 24. Be3 a5 25. Ne5 Nc6 26. Nd7 Rc7 27. Nb6 Nf6 28. h3 e5 29. f4 exf4 30. Bxf4 Nd4 31. Bf1 Rc6 32. Be5 Nb3 33. Rd1 Be4 34. Rd8+ Kh7 35. Rd6 Rxc5 36. Bxf6 gxf6 37. Nd7 Re5 38. Bc4 Nc1 39. Nxe5 fxe5 40. Rd1 1-0

[Event "Oberliga Nord N 0708"]
[Site "Germany"]
[Date "2008.01.20"]
[Round "5.4"]
[White "Gottuk, Stefan"]
[Black "Stelting, Thorsten"]
[Result "1/2-1/2"]
[WhiteElo "2246"]
[BlackElo "2254"]
[PlyCount "128"]
[EventDate "2007.10.21"]
[EventType "team-tourn"]
[EventRounds "9"]
[EventCountry "GER"]
[SourceTitle "EXT 2009"]
[Source "ChessBase"]
[SourceDate "2008.11.26"]
[SourceVersion "1"]
[SourceVersionDate "2008.11.26"]
[SourceQuality "1"]
[WhiteTeam "Hamburg Diogenes"]
[BlackTeam "St Pauli"]
[WhiteTeamCountry "GER"]
[BlackTeamCountry "GER"]

1. e4 c5 2. Na3 Nc6 3. Bb5 Nd4 4. Nf3 Nxb5 5. Nxb5 d6 6. 0-0 a6 7. Nc3 Bg4 8. h3 Bh5 9. d3 e6 10. Re1 Nf6 11. Bg5 Be7 12. Qe2 0-0 13. g4 Bg6 14. e5 Nd7 15. Bxe7 Qxe7 16. exd6 Qxd6 17. b3 Rfe8 18. Ne5 Nf8 19. Qe3 Rac8 20. a4 f6 21. Nc4 Qc6 22. Qg3 e5 23. Qg2 Qxg2+ 24. Kxg2 Rcd8 25. Ne4 Ne6 26. Kg3 Re7 27. Ra2 h5 28. Ncd2 Kf7 29. Nf3 Rc7 30. g5 Nd4 31. h4 Nf5+ 32. Kh3 Ne7 33. Ng3 Nc6 34. Nd2 Nb4 35. Rb2 Nd5 36. Nge4 Bf5+ 37. Kg3 Bc8 38. Nc4 Rc6 39. Ne3 Ne7 40. gxf6 gxf6 41. Kh2 Ng6 42. Ng2 Rc7 43. Re3 f5 44. Ng5+ Kf6 45. Rb1 b6 46. Rbe1 f4 47. R3e2 Bb7 48. Ne4+ Kf5 49. f3 Bxe4 50. Rxe4 Rd4 51. Kg1 Rcd7 52. Kf2 Kf6 53. R4e2 b5 54. axb5 axb5 55. Ra1 c4 56. bxc4 bxc4 57. dxc4 Rxc4 58. Ra2 Rc3 59. Ra1 Rdc7 60. Ra6+ Kf5 61. Ra2 R7c5 62. Rb2 R5c4 63. Ra2 Rb4 64. Ra7 Rb2 1/2-1/2

[Event "Oberliga Nord N 0708"]
[Site "Germany"]
[Date "2007.11.25"]
[Round "3.4"]
[White "Jochens, Arne"]
[Black "Stelting, Thorsten"]
[Result "1-0"]
[WhiteElo "2255"]
[BlackElo "2254"]
[PlyCount "121"]
[EventDate "2007.10.21"]
[EventType "team-tourn"]
[EventRounds "9"]
[EventCountry "GER"]
[SourceTitle "EXT 2009"]
[Source "ChessBase"]
[SourceDate "2008.11.26"]
[SourceVersion "1"]
[SourceVersionDate "2008.11.26"]
[SourceQuality "1"]
[WhiteTeam "Kiel Meerbauer"]
[BlackTeam "St Pauli"]
[WhiteTeamCountry "GER"]
[BlackTeamCountry "GER"]

1. g3 f5 2. c4 Nf6 3. Bg2 g6 4. Nc3 Bg7 5. d3 0-0 6. e4 d6 7. Nge2 e5 8. exf5 gxf5 9. 0-0 c6 10. b3 Be6 11. Ba3 Rf7 12. d4 Rd7 13. Qc2 e4 14. Nf4 Qe8 15. d5 Bf7 16. Rad1 c5 17. Bh3 Bg6 18. Ne6 Na6 19. Ne2 Bh8 20. N2f4 Qf7 21. Bb2 Nb4 22. Qb1 Nh5 23. Bxh8 Nxf4 24. Nxf4 Kxh8 25. a3 Na6 26. f3 exf3 27. Rxf3 Nc7 28. Re1 Re8 29. Rxe8+ Nxe8 30. Ne6 Ng7 31. Nxg7 Qxg7 32. Bxf5 Rf7 33. Kg2 Re7 34. Bxg6 hxg6 35. Qf1 Qb2+ 36. Rf2 Qe5 37. h4 Kg7 38. Kh3 b5 39. Qd3 bxc4 40. bxc4 Qe4 41. Qc3+ Re5 42. Rf4 Qe2 43. a4 Qd1 44. a5 a6 45. Qf3 Qxf3 46. Rxf3 Re4 47. Rf4 Re3 48. Kg4 Ra3 49. Re4 Rxa5 50. Kg5 Ra3 51. g4 Rc3 52. Re6 Rxc4 53. Rxg6+ Kf7 54. Rxd6 Rd4 55. h5 Ke7 56. Rxa6 Rxd5+ 57. Kg6 c4 58. h6 c3 59. h7 c2 60. Ra7+ Ke6 61. Rc7 1-0

[Event "Schleswig Holstein-ch M 56th"]
[Site "Eckernfoerde"]
[Date "2001.??.??"]
[Round "2"]
[White "Frohberg, Marco"]
[Black "Stelting, Thorsten"]
[Result "0-1"]
[WhiteElo "2252"]
[BlackElo "2230"]
[PlyCount "110"]
[EventDate "2001.04.??"]
[EventType "swiss"]
[EventRounds "9"]
[EventCountry "GER"]
[SourceTitle "EXT 2004"]
[Source "ChessBase"]
[SourceDate "2003.11.25"]
[SourceVersion "1"]
[SourceVersionDate "2003.11.25"]
[SourceQuality "1"]

1. c4 c5 2. Nc3 g6 3. g3 Bg7 4. Bg2 e5 5. d3 Nc6 6. Nf3 Nge7 7. 0-0 0-0 8. Ne1 d6 9. Nc2 Be6 10. Nd5 Rb8 11. e4 b5 12. Nce3 Nd4 13. f4 f5 14. fxe5 dxe5 15. Nxe7+ Qxe7 16. Nd5 Qd7 17. exf5 gxf5 18. Qh5 bxc4 19. dxc4 e4 20. Ne3 Rb6 21. Rb1 Ra6 22. a3 Bf7 23. Qd1 Rd6 24. Kh1 Nf3 25. Qc2 Bg6 26. Nd5 Be5 27. Bxf3 exf3 28. Bf4 Rxd5 29. cxd5 Bd4 30. d6 Qc6 31. h4 Qd5 32. Kh2 Be8 33. b3 Bb5 34. a4 Re8 35. axb5 Re2+ 36. Qxe2 fxe2 37. Rfe1 Qe6 38. d7 Qxd7 39. Rxe2 Qxb5 40. Rbe1 Qxb3 41. Re8+ Kf7 42. R1e7+ Kf6 43. Bg5+ Kg6 44. Re6+ Kh5 45. Kh3 Bg7 46. R8e7 Qd1 47. Re1 Qg4+ 48. Kg2 Qd4 49. Rxa7 Kg4 50. Rae7 Qd5+ 51. Kh2 Bd4 52. Bf4 Qf3 53. R1e2 Qf1 54. Rg2 Bg1+ 55. Kh1 Kh3 0-1

[Event "Schleswig Holstein-ch M 56th"]
[Site "Eckernfoerde"]
[Date "2001.??.??"]
[Round "3"]
[White "Stelting, Thorsten"]
[Black "Scheerer, Christoph"]
[Result "1/2-1/2"]
[WhiteElo "2230"]
[BlackElo "2328"]
[PlyCount "27"]
[EventDate "2001.04.??"]
[EventType "swiss"]
[EventRounds "9"]
[EventCountry "GER"]
[SourceTitle "EXT 2004"]
[Source "ChessBase"]
[SourceDate "2003.11.25"]
[SourceVersion "1"]
[SourceVersionDate "2003.11.25"]
[SourceQuality "1"]

1. e4 e5 2. Nf3 Nc6 3. Bb5 Nd4 4. Nxd4 exd4 5. 0-0 c6 6. Ba4 Nf6 7. d3 d5 8. Nd2 Be7 9. exd5 Nxd5 10. Ne4 0-0 11. Qh5 Nf6 12. Nxf6+ Bxf6 13. Bb3 Qd7 14. Re1 1/2-1/2

[Event "Oberliga Nord N 9798"]
[Site "Germany"]
[Date "1998.??.??"]
[Round "?"]
[White "Stelting, Thorsten"]
[Black "Nogly, Christoph"]
[Result "1/2-1/2"]
[WhiteElo "2260"]
[BlackElo "2220"]
[PlyCount "88"]
[EventDate "1997.10.??"]
[EventType "team"]
[EventRounds "9"]
[EventCountry "GER"]
[SourceTitle "EXT 1999"]
[Source "ChessBase"]
[SourceDate "1998.11.16"]
[SourceVersion "1"]
[SourceVersionDate "1998.11.16"]
[SourceQuality "1"]

1. d4 d5 2. Nf3 c6 3. g3 Bg4 4. Bg2 Nd7 5. Nbd2 e6 6. 0-0 f5 7. c4 Bd6 8. Qb3 Rb8 9. h3 Bh5 10. Qe3 Qe7 11. Ng5 Bf7 12. Ndf3 h6 13. Nxf7 Kxf7 14. Ne5+ Bxe5 15. dxe5 Qc5 16. cxd5 cxd5 17. Qxc5 Nxc5 18. Be3 b6 19. Rfc1 Ne7 20. b4 Nb7 21. Rc7 Rhc8 22. Rac1 Ke8 23. Rxc8+ Rxc8 24. Rxc8+ Nxc8 25. f4 h5 26. Kf2 a5 27. Bf3 g6 28. a3 axb4 29. axb4 Kd7 30. Bd4 Kc6 31. e3 Nd8 32. Be2 b5 33. Ke1 Nb6 34. Bxb6 Kxb6 35. Kd2 Nc6 36. Kc3 Ne7 37. Bf3 Kc6 38. g4 fxg4 39. hxg4 h4 40. Bg2 Kb6 41. Bf1 Nc6 42. Bh3 Kc7 43. Bf1 Kb6 44. Bh3 Kc7 1/2-1/2

[Event "Oberliga Nord N 9798"]
[Site "Germany"]
[Date "1997.??.??"]
[Round "?"]
[White "Sell, Achim"]
[Black "Stelting, Thorsten"]
[Result "1-0"]
[WhiteElo "2300"]
[BlackElo "2260"]
[PlyCount "116"]
[EventDate "1997.10.??"]
[EventType "team"]
[EventRounds "9"]
[EventCountry "GER"]
[SourceTitle "EXT 1999"]
[Source "ChessBase"]
[SourceDate "1998.11.16"]
[SourceVersion "1"]
[SourceVersionDate "1998.11.16"]
[SourceQuality "1"]

1. d4 d5 2. Bg5 Bf5 3. c4 Bxb1 4. Rxb1 f6 5. Bf4 Nc6 6. Nf3 e5 7. dxe5 dxc4 8. Bd2 fxe5 9. Qc2 Qd6 10. g3 Qg6 11. Qxg6+ hxg6 12. Nh4 Nge7 13. e3 g5 14. Nf3 Nf5 15. Nxg5 Nd6 16. Bg2 Rd8 17. Ne6 Rd7 18. Nc5 e4 19. Nxd7 Kxd7 20. Bc3 b5 21. Rd1 b4 22. Bd4 Rh5 23. Ke2 Ra5 24. Bh3+ Ke7 25. Ra1 Rd5 26. Rhd1 Nb5 27. Rac1 Ncxd4+ 28. exd4 c3 29. b3 g6 30. Bg2 Nxd4+ 31. Ke3 c5 32. Bxe4 Rh5 33. h4 Kf6 34. f4 Rh7 35. Re1 a5 36. Kd3 a4 37. Kc4 axb3 38. axb3 Re7 39. Bd3 Nf3 40. Rxe7 Nd2+ 41. Kd5 Bxe7 42. Bc2 Kf7 43. g4 c4 44. bxc4 Bxh4 45. c5 Bg3 46. f5 gxf5 47. gxf5 Kf6 48. Bd3 Bc7 49. c6 Bb6 50. Kd6 Nb3 51. Rb1 Nc5 52. Bc2 b3 53. Bxb3 Ne4+ 54. Kd7 Nc5+ 55. Kc8 Nxb3 56. Rxb3 Bd4 57. Rb4 Be5 58. Kd7 Kxf5 1-0

[Event "Wichern op 3rd"]
[Site "Hamburg"]
[Date "1995.??.??"]
[Round "3"]
[White "Stelting, Thorsten"]
[Black "Tischbierek, Raj"]
[Result "0-1"]
[WhiteElo "2290"]
[BlackElo "2495"]
[PlyCount "80"]
[EventDate "1995.09.??"]
[EventType "swiss"]
[EventRounds "9"]
[EventCountry "GER"]
[SourceTitle "EXT 1997"]
[Source "ChessBase"]
[SourceDate "1996.11.15"]
[SourceVersion "1"]
[SourceVersionDate "1996.11.15"]
[SourceQuality "1"]

1. e4 c5 2. Nf3 d6 3. d4 cxd4 4. Nxd4 Nf6 5. Nc3 Nc6 6. Bg5 e6 7. Bb5 Qb6 8. 0-0 Be7 9. Re1 0-0 10. Bxc6 bxc6 11. Re3 c5 12. Nf3 Bb7 13. Nd2 Rad8 14. Na4 Qc6 15. c4 Rd7 16. Rg3 d5 17. e5 Ne8 18. Bxe7 Rxe7 19. Nf3 d4 20. b3 f6 21. Qd2 Qc7 22. Re1 Ref7 23. Qh6 Bxf3 24. gxf3 Kh8 25. Qh5 g6 26. Qh3 Ng7 27. Rxg6 fxe5 28. Rg5 Nf5 29. Re4 d3 30. Nb2 Nd4 31. Rg3 Ne2+ 32. Rxe2 dxe2 33. Nd3 e4 34. fxe4 Rxf2 35. Qxe6 Rf1+ 36. Kg2 Qf7 37. Qe5+ Qf6 38. Qxf6+ R8xf6 39. Re3 Rg6+ 40. Kh3 Rd1 0-1

[Event "Hamburg-ch"]
[Site "Hamburg"]
[Date "1994.??.??"]
[Round "9"]
[White "Hegeler, Frank"]
[Black "Stelting, Thorsten"]
[Result "0-1"]
[WhiteElo "2220"]
[BlackElo "2285"]
[PlyCount "54"]
[EventDate "1994.??.??"]
[EventType "swiss"]
[EventRounds "9"]
[EventCountry "GER"]
[SourceTitle "EXT 1997"]
[Source "ChessBase"]
[SourceDate "1996.11.15"]
[SourceVersion "1"]
[SourceVersionDate "1996.11.15"]
[SourceQuality "1"]

1. d4 f5 2. g3 Nf6 3. Bg2 e6 4. Nf3 d5 5. c4 c6 6. 0-0 Bd6 7. b3 Qe7 8. a4 b6 9. Ba3 Bxa3 10. Nxa3 0-0 11. Qc2 Bb7 12. Rfc1 Na6 13. cxd5 cxd5 14. Nb5 Rfc8 15. Qb2 Bc6 16. Ne5 Nb4 17. Qa3 Kf8 18. e3 a6 19. Nxc6 Nxc6 20. Nd6 Rc7 21. Rc3 Rd8 22. Nb7 Qxa3 23. Rxa3 Rdd7 24. a5 Nb4 25. Rxc7 Rxc7 26. Ra4 Rxb7 27. Rxb4 b5 0-1

[Event "Hamburg-ch"]
[Site "Hamburg"]
[Date "1994.??.??"]
[Round "1"]
[White "Stelting, Thorsten"]
[Black "Movsziszian, Karen"]
[Result "1/2-1/2"]
[WhiteElo "2285"]
[BlackElo "2525"]
[PlyCount "111"]
[EventDate "1994.??.??"]
[EventType "swiss"]
[EventRounds "9"]
[EventCountry "GER"]
[SourceTitle "EXT 1997"]
[Source "ChessBase"]
[SourceDate "1996.11.15"]
[SourceVersion "1"]
[SourceVersionDate "1996.11.15"]
[SourceQuality "1"]

1. e4 c5 2. Nf3 d6 3. d4 cxd4 4. Nxd4 Nf6 5. Nc3 a6 6. Bc4 e6 7. Bb3 b5 8. 0-0 Bb7 9. Re1 Qc8 10. f4 Nc6 11. Nxc6 Bxc6 12. f5 e5 13. Bg5 Be7 14. Bxf6 gxf6 15. Qh5 Rf8 16. Qxh7 Ra7 17. Red1 Ba8 18. Nd5 Bd8 19. c3 Qc5+ 20. Kh1 Qf2 21. a4 Qxb2 22. Rdb1 Qe2 23. axb5 Bxd5 24. Bxd5 Bb6 25. bxa6 Rxa6 26. Rxa6 Qxa6 27. Qh5 Ke7 28. Qd1 Rg8 29. c4 Qa2 30. Qf1 Rxg2 31. Rxb6 Rxh2+ 32. Kg1 Rh5 33. Rb7+ Kf8 34. Rxf7+ Ke8 35. Qg2 Rg5 36. Qxg5 fxg5 37. Rg7 Qe2 38. Rg6 Qh5 39. Re6+ Kd7 40. Rg6 Kc7 41. c5 dxc5 42. Rc6+ Kd7 43. f6 Qd1+ 44. Kh2 Qh5+ 45. Kg1 Qf3 46. f7 g4 47. Ra6 g3 48. Ra7+ Kd6 49. Ra6+ Kc7 50. Ra2 c4 51. Bxc4 Kd6 52. Bd5 Kc5 53. Be6 Kd6 54. Bd5 Ke7 55. Ra7+ Kd6 56. Ra2 1/2-1/2

[Event "Hamburg-ch"]
[Site "Hamburg"]
[Date "1994.??.??"]
[Round "8"]
[White "Stelting, Thorsten"]
[Black "Wilhelmi, Christian"]
[Result "1-0"]
[WhiteElo "2285"]
[BlackElo "2280"]
[PlyCount "47"]
[EventDate "1994.??.??"]
[EventType "swiss"]
[EventRounds "9"]
[EventCountry "GER"]
[SourceTitle "EXT 1997"]
[Source "ChessBase"]
[SourceDate "1996.11.15"]
[SourceVersion "1"]
[SourceVersionDate "1996.11.15"]
[SourceQuality "1"]

1. e4 c5 2. Nf3 d6 3. d4 cxd4 4. Nxd4 Nf6 5. Nc3 a6 6. Bc4 e6 7. Bb3 Be7 8. g4 Nc6 9. g5 Nxd4 10. Qxd4 Nh5 11. Rg1 0-0 12. Be3 b5 13. 0-0-0 g6 14. f4 Ng7 15. h4 Rb8 16. h5 b4 17. Ne2 Qa5 18. Rh1 e5 19. Qd3 Be6 20. hxg6 hxg6 21. Rh6 d5 22. Rdh1 Nh5 23. R1xh5 gxh5 24. exd5 1-0

[Event "Hamburg-ch"]
[Site "Hamburg"]
[Date "1994.??.??"]
[Round "5"]
[White "Von Buelow, Georg"]
[Black "Stelting, Thorsten"]
[Result "1-0"]
[WhiteElo "2355"]
[BlackElo "2285"]
[PlyCount "114"]
[EventDate "1994.??.??"]
[EventType "swiss"]
[EventRounds "9"]
[EventCountry "GER"]
[SourceTitle "EXT 1997"]
[Source "ChessBase"]
[SourceDate "1996.11.15"]
[SourceVersion "1"]
[SourceVersionDate "1996.11.15"]
[SourceQuality "1"]

1. e4 e5 2. Nf3 Nc6 3. Bb5 a6 4. Ba4 Nf6 5. 0-0 b5 6. Bb3 Bb7 7. c3 Be7 8. Re1 0-0 9. d4 d6 10. Nbd2 Nd7 11. Nf1 Na5 12. Bc2 Nc4 13. b3 Ncb6 14. Ng3 g6 15. Bh6 Re8 16. Qd2 Bf8 17. Rad1 Qe7 18. Bxf8 Nxf8 19. Qh6 f6 20. Rd3 Ne6 21. Qc1 Nf4 22. Rde3 Bc8 23. Ne2 Nxe2+ 24. R1xe2 a5 25. Bd3 Bd7 26. Rc2 a4 27. c4 axb3 28. axb3 bxc4 29. Bxc4+ Nxc4 30. Rxc4 exd4 31. Nxd4 c5 32. Ne2 Be6 33. Ra4 Rab8 34. Qa3 Qb7 35. Nc1 Ra8 36. Qa1 Rxa4 37. bxa4 Qb4 38. h4 Bf7 39. Qxf6 Rxe4 40. Rf3 Qe1+ 41. Kh2 Re7 42. Qxd6 Qe5+ 43. Qxe5 Rxe5 44. Re3 Rh5 45. Kg3 g5 46. hxg5 Rxg5+ 47. Kh3 h5 48. Rg3 Rxg3+ 49. Kxg3 Bc4 50. Kh4 Kg7 51. Kxh5 Kf6 52. Kg4 Ke5 53. a5 Kd4 54. Kf4 Bf1 55. g4 Kc3 56. Ke3 c4 57. a6 Kb2 1-0

[Event "Wichern op 2nd"]
[Site "Hamburg"]
[Date "1993.??.??"]
[Round "3"]
[White "Reeh, Oliver"]
[Black "Stelting, Thorsten"]
[Result "1-0"]
[WhiteElo "2435"]
[BlackElo "2260"]
[PlyCount "65"]
[EventDate "1993.10.??"]
[EventType "swiss"]
[EventRounds "9"]
[EventCountry "GER"]
[SourceTitle "EXT 1997"]
[Source "ChessBase"]
[SourceDate "1996.11.15"]
[SourceVersion "1"]
[SourceVersionDate "1996.11.15"]
[SourceQuality "1"]

1. d4 d5 2. c4 e6 3. Nf3 f5 4. g3 Nf6 5. Bg2 c6 6. Nbd2 Bd6 7. 0-0 0-0 8. b3 b6 9. Bb2 Bb7 10. Ne5 Qe7 11. Rc1 c5 12. Ndf3 Na6 13. cxd5 exd5 14. Nd3 Ne4 15. Nf4 Rad8 16. e3 Bb8 17. h4 Nc7 18. dxc5 bxc5 19. Ng5 Rd6 20. Ba3 Na6 21. Nxe4 fxe4 22. Rxc5 d4 23. Rb5 dxe3 24. Bxd6 exf2+ 25. Rxf2 Bxd6 26. Rxb7 Qe5 27. Rf1 Nb4 28. Rxb4 Bxb4 29. Qd5+ Qxd5 30. Nxd5 Bc5+ 31. Kh2 Re8 32. Re1 Bf2 33. Rxe4 1-0

[Event "Wichern op 2nd"]
[Site "Hamburg"]
[Date "1993.??.??"]
[Round "9"]
[White "Stone, Raymond"]
[Black "Stelting, Thorsten"]
[Result "0-1"]
[WhiteElo "2370"]
[BlackElo "2260"]
[PlyCount "90"]
[EventDate "1993.10.??"]
[EventType "swiss"]
[EventRounds "9"]
[EventCountry "GER"]
[SourceTitle "EXT 1997"]
[Source "ChessBase"]
[SourceDate "1996.11.15"]
[SourceVersion "1"]
[SourceVersionDate "1996.11.15"]
[SourceQuality "1"]

1. d4 f5 2. g3 Nf6 3. Bg2 e6 4. Nf3 b6 5. Ne5 c6 6. Nd2 Bb7 7. 0-0 d6 8. Nd3 d5 9. c4 Bd6 10. Qc2 0-0 11. Nf3 Na6 12. Bf4 Ne4 13. Rac1 Rc8 14. Rfd1 Be7 15. Be5 g5 16. Nd2 Qe8 17. f3 Nf6 18. Re1 c5 19. cxd5 cxd4 20. Qb1 Bxd5 21. Rxc8 Qxc8 22. Bxd4 Bb7 23. b3 Nb4 24. Nxb4 Bxb4 25. Qb2 Rd8 26. Rc1 Qd7 27. Bxf6 Qxd2 28. Qxd2 Rxd2 29. Kf2 Ba6 30. Bf1 Bc5+ 31. Ke1 Rxa2 32. Bxg5 Bb5 33. Bd2 a5 34. Rb1 Bd6 35. Be3 Bb4+ 36. Kf2 Bd3 37. Rc1 Bc2 38. Bxb6 Bxb3 39. Rc7 Bd5 40. Bd4 Rd2 41. Bc3 Bxc3 42. Rxc3 a4 43. Ke1 Rb2 44. e4 fxe4 45. fxe4 Bb3 0-1

[Event "Hamburg-ch"]
[Site "Hamburg"]
[Date "1992.??.??"]
[Round "3"]
[White "Stelting, Thorsten"]
[Black "Dankert, Peter"]
[Result "0-1"]
[WhiteElo "2255"]
[BlackElo "2265"]
[PlyCount "82"]
[EventDate "1992.??.??"]
[EventType "swiss"]
[EventRounds "9"]
[EventCountry "GER"]
[SourceTitle "TD"]
[Source "ChessBase"]
[SourceDate "1994.03.01"]
[SourceVersion "1"]
[SourceVersionDate "1994.03.01"]
[SourceQuality "1"]

1. g3 d5 2. Bg2 c6 3. Nf3 Bg4 4. d3 Nd7 5. 0-0 Ngf6 6. b3 e6 7. Bb2 Be7 8. Nbd2 0-0 9. h3 Bh5 10. c4 a5 11. a3 Qb8 12. Rc1 Rc8 13. cxd5 exd5 14. Nd4 Bg6 15. e4 Nc5 16. Qe2 Re8 17. f4 dxe4 18. dxe4 h6 19. Rfe1 Bf8 20. f5 Bh7 21. Qf3 Ncd7 22. Nc4 a4 23. bxa4 Rxa4 24. Kh1 Rxc4 25. Rxc4 Ne5 26. Nxc6 bxc6 27. Bxe5 Qxe5 28. Rec1 c5 29. a4 Bd6 30. a5 Kh8 31. a6 Ra8 32. Qa3 Nh5 33. Rxc5 Nxg3+ 34. Kh2 Qf4 35. e5 Nxf5+ 36. Kh1 Ng3+ 37. Qxg3 Qxg3 38. exd6 Be4 39. Bxe4 Qxh3+ 40. Kg1 Qe3+ 41. Kh2 Qxe4 0-1